00294nam a2200109Ia 4500008004100000082001500041100002300056245002500079260003700104300000800141650003500149191201s2011 xx 000 0 und d a301.2bLUU aLUHAN, Marshall Mc 0aUnderstanding Media  aLondonbRoutledge Classicsc2018 a392 aBachelor of Mass Communication